00482nam a2200133 a 4500008004100000020002200041245013400063260005900197300002400256504004100280003000100321005001700322040000900339  a9282010929 (pbk.)10aAfrica and the democratic challenge :ban essay on adult education for democracy and the culture of peace/cMarc-Laurent Hazoume. aHamburg :bUNESCO Institute for Education(UIE),c1999. aiv, 77 p. ;c21 cm. aIncludes bibliographical references.20230123133901.0 cNUST